000 00601nam a2200181Ia 4500
008 100921s9999 xx 000 0 und d
082 _b1797
_a891.462 थ 70
100 _aभावे पुरूषोत्तम भास्कर.
245 _aअसंगाशी संग.
260 _bसंजय प्रकाशन,पुणे.
_c1970
300 _a116
_b---
365 _b4
520 _aललित-नाटके.
630 _aअसंगाशी संग.
650 _aललित-नाटके.
730 _aअसंगाशी संग.
942 _cBOOK
999 _c750910
_d750907